| 000 | 00725nam a2200217Ia 4500 | ||
|---|---|---|---|
| 003 | GCL | ||
| 008 | 140319s9999 xx 000 0 ara d | ||
| 040 |
_aGCL / _cGCL |
||
| 082 | 0 | 4 |
_a953 _bح م |
| 100 | 1 | _aعبدالله يوسف الغنيم | |
| 245 | 1 | 0 |
_aالمراكب العربية : تاريخها وانواعها / _cعبدالله يوسف الغنيم |
| 700 | 1 | _aحسن صالح شهاب | |
| 260 |
_a[S.N] : _bمؤسسة الكويت للتقدم العلمى ، _c1987 |
||
| 300 | _a376 ص | ||
| 490 | _a | ||
| 650 | 0 | 4 | _aالتاريخ الاسلامى |
| 650 | 0 | 4 | _aالعلوم عند العرب |
| 650 | 0 | 4 | _aالحضارة الاسلامية |
| 650 | 0 | 4 | _aبناء السفن |
| 942 |
_2ddc _cBK |
||
| 999 |
_c35841 _d35841 |
||